000 00589nam a2200181Ia 4500
008 151018s9999 xx 000 0 und d
082 _bRBASDV18721
_a891.463
100 _aचंद्रकांत काकोडकर
245 _aएकक्षि
250 _b1
260 _bविद्यार्थी प्रकाशन
_c1980
300 _a132
600 _aचंद्रकांत काकोडकर
630 _aएकक्षि
700 _aचंद्रकांत काकोडकर
730 _aएकक्षि
942 _cBOOK
999 _c1019369
_d1019366